00269nam a2200109Ia 4500008004100000100002000041245001900061260004800080300000900128942000700137999001500144190216s9999||||xx |||||||||||||| ||und|| aAlbert Lepawsky 0aAdministration bOxford And Ibh Publishing Co. Pvt Ltdc1960 a690p cBK c4757d4757